1359 1831 1906 1769 1025 1672 1094 1439 1029 1552 1633 1425 1945 1589 1858 1519 1421 1194 1419 1463 1772 1702 1334 1998 1886 1012 1300 1838 1707 1311 1065 1781 1180 1813 1940 1042 1412 1576 1886 1108 1123 1290 1558 1670 1554 1829 1811 1106 1585 1590 1196 1235 1377 1353 1385 1034 1583 1934 1452 1405 1584 1627 1844 1386 1653 1954 1608 1456 1000 1249 1272 1895 1608 1996 1431 1066 1635 1410 1426 1909 1771 1928 1051 1364 1193 1437 1897 1320 1161 1565 1717 1608 1323 1831 1813 1829 1601 1963 1139 BCNSPRNW ULIB Ver.6.0+V

เปลี่ยนเป็นภาษาไทย

Change to English
 แสดงรายละเอียดบรรณานุกรม
  กลับหน้าหลัก

Brief Record : Get Marc (ISO 2709) : E-mail record : QR code < ปิดหน้าต่าง
LEADER : 00000nam 2200000uu 4500
001    13399126724
003     ULIB
008    020711s2015 th a 000 0 eng d
020    ^a9781451191868
060    ^aW49^bM466T
100    ^aE. J. Mayeaux Jr
245  4 ^aThe Essential Guide to Primary Care Procedures
250    ^a2nd ed
260     ^bLippincott Williams & Wilkins,^c2015
300    ^a1041 pages;^b30 cm
650    ^aPrimary Health Care-Methods-Handbooks
945    ^p4734^l0^i005385
999    ^aประนอม เกษจรัล
รายการนี้ยังไม่มีแท็ก
คุณยังไม่ได้ล็อกอิน คุณสามารถมีกิจกรรมร่วมกับเว็บไซต์ได้ แต่ต้องล็อกอินก่อน ::
  ล็อกอิน

รายการสื่อสารสนเทศ

ลำดับที่ ประเภท เลขเรียก/บาร์โค้ด สถานที่ สถานะ
1. วิทยาศาสตร์การแพทย์ และสุขภาพ
หนังสือสำรอง
สถานะ=หนังสือสำรอง
W49 M466T ฉ.1 
  Barcode: 005385
ห้องสมุดวิทยาเขตสวรรค์ประชารักษ์
►หนังสือทั่วไป
บนชั้น

BibComment


ยังไม่เคยถูกคอมเมนท์

คอมเมนท์ทรัพยากรรายการนี้
  คอมเมนท์: The Essential Gu..


 Copyright 2026. Bcnsprnw @Library